| 000 | 00700nam a2200229 a 4500 | ||
|---|---|---|---|
| 001 | 000004159 | ||
| 003 | DO-SdBNP | ||
| 005 | 20180221120822.0 | ||
| 008 | 180221b2005 dr |||| 00| 0 spa d | ||
| 020 | _a9945420003 | ||
| 040 |
_aBPMSU _bspa _cBPMSU |
||
| 082 |
_aRD861.44 _bM636L |
||
| 100 | _a | ||
| 245 | 0 | 0 |
_aMigración a la lluvia : _b(antología Poética Francomacorisana) / _cselección de Sixto Gabín |
| 260 |
_aSan Francisco de Macorís, República Dominicana : _bÁngeles de Fierro, _c2005. |
||
| 300 |
_a69 p. ; _c20 cm. |
||
| 700 | _aGabín, Sixto | ||
| 930 | 1 |
_l _m _h _8 _f _p _g |
|
| 942 |
_2ddc _cBK |
||
| 945 | _aInventariado / 2018 VM | ||
| 956 |
_aVMATEO _b10 _c20180221 _dBPMSU _f0069 |
||
| 999 |
_c8536 _d8536 |
||